000 01561cam a22004097a 4500
003 CHAP
005 20220329142758.0
008 030910ds003 mx ad r 00010 spa d
010 _a87676
011 _a88648
035 _a99193
040 _cCHAP
090 _aTesis
100 0 0 _aMartínez Aispuro, Ana Patricia.
_971780
245 1 0 _aEfecto de diferentes metodos de secado en la calidad comercial de rosa deshhidratada (Rosa spp.)
_c/por Ana Patricia Martínez Aispuro
260 _aChapingo, Méx. :
_bEl autor,
_c2003
300 _a61 h. :
_bilus. ; gráfs. ; cuadros
502 _aTesis (Ing. Agr. Esp. en Fitotecnia) -- UACH. Departamento de Fitotecnia
530 _aTambién disponible en línea
590 _aALEPH
_b10
_c20130110
_lUCH01
_h1455
590 _aBATCH-UPD
_b10
_c20130110
_lUCH01
_h0215
590 _aBATCH-UPD
_b10
_c20130110
_lUCH01
_h1634
590 _aBATCH-UPD
_b10
_c20130409
_lUCH01
_h2233
590 _aBATCH-UPD
_b10
_c20130914
_lUCH01
_h1800
590 _aBATCH-UPD
_b10
_c20140324
_lUCH01
_h1440
590 _aBATCH-UPD
_b10
_c20141002
_lUCH01
_h0819
590 _aCONVERSION
_b10
_c20130109
_lUCH01
_h1349
650 1 4 _aRosas
_xCalidad.
_999961
650 1 4 _aRosas
_xDeshidratación.
_999965
650 1 4 _aRosas
_xMercadeo.
_999978
856 _3Finding aid
_uhttp://10.13.5.2/tesis/99193.pdf
_zTeclea aqui
901 _aBK
905 _aMarco A. Mendoza T.
942 _cFOLL
949 _aTesis
_bBC
_cTES
_d33724000896692
_eTS2
_fc.2
_gDonaciØn
_h41340
_i99193
_sb
949 _aTesis
_bBC
_cTES
_d991931
_eTS1
_gDonaciØn
_h41339
_i99193
_sb
999 _c87676
_d87676